00401 2200169 4500245004700000020002200047250001000069100001500079700002100094650002000115005001900135260003500154041001400189084000900203300001000212336000900222 aKetika Abu menjadi CanducMita HamidhText a978-623-5515-77-9 acet.1 aMita Hamid aIndri Yasa Utami aFiksi Indonesia a20240925150116 aJakartabOne Peach Mediac2022 aIndonesia aNONE a179 : atext